Biblioteca

Celebrating the sabbath : (Registro nro. 66835)

Detalles MARC
000 -LÍDER
Campo fijo de descripción fija 01841nam a2200325 i 4500
001 - NÚMERO DE CONTROL
Campo de control 768714001
003 - IDENTIFICADOR DEL NÚMERO DE CONTROL
Campo de control CO-MdFUSB
005 - FECHA Y HORA DE LA ULTIMA TRANSACCIÓN
control field 20211029121322.0
007 - CAMPO FIJO DE DESCRIPCIÓN FIJA--INFORMACIÓN GENERAL
Campo fijo de descripción fija ta
008 - ELEMENTOS DE LONGITUD FIJA -- INFORMACIÓN GENERAL
Campo fijo de descripción fija -- Información general 210823t2000 -us |||| |||| 00| 0 eng d
020 ## - NÚMERO INTERNACIONAL NORMALIZADO PARA LIBROS
Número Internacional Normalizado del libro 9780875523941
040 ## - FUENTE DE CATALOGACIÓN
Agencia de catalogación original CO-MdFUSB
Idioma de catalogación spa
Agencia que realiza la transcripción CO-MdFUSB
Agencia que realiza la modificación CO-MdFUSBC
Convenciones de la descripción rda
041 ## - CÓDIGO DE IDIOMA
Código de idioma para texto/pista de sonido o título separado eng
082 ## - NÚMERO DE CLASIFICACIÓN DECIMAL DEWEY
Número de la edición del Dewey 23
Número de clasificación 263.1
Clave de autor-Numero de item R263
100 ## - ASIENTO PRINCIPAL--NOMBRE PERSONAL
Nombre personal Ray, Bruce A.,
Término relacionador autor
245 1# - TÍTULO
Título del Material Celebrating the sabbath :
Parte restante del título - Subtitulo finding rest in a restless world
Mención de responsabilidad, etc. / Bruce A. Ray
264 #1 - PRODUCCIÓN, PUBLICACIÓN, DISTRIBUCIÓN, MANUFACTURA, Y COPYRIGHT
Lugar de producción, publicación, distribución, manufactura Estados Unidos :
Nombre del productor, publicador, distribuidor P & R Publishing,
Fecha de producción, publicación, distribución, manufactura, o copyright [2000]
264 #4 - PRODUCCIÓN, PUBLICACIÓN, DISTRIBUCIÓN, MANUFACTURA, Y COPYRIGHT
Fecha de producción, publicación, distribución, manufactura, o copyright © 2000
300 ## - DESCRIPCIÓN FÍSICA
Extensión 125 páginas
Dimensiones ; 22 cm
336 ## - TIPO DE CONTENIDO
Fuente rdacontent
Término de tipo de contenido sonidos
Código de tipo de contenido txt
337 ## - TIPO DE MEDIO
Fuente rdamedia
Nombre del tipo de medio sin mediación
Código del tipo de medio n
338 ## - TIPO DE SOPORTE
Fuente rdacarrier
Nombre del tipo de soporte volumen
Código Tipo de soporte nc
505 ## - NOTA DE CONTENIDO
Nota de contenido con formato preestablecido 1. McSabbath Un ícono estadounidense - Conflicto del sábado - Deleite del sábado - 2. El cuarto mandamiento - La soberanía de Dios sobre el tiempo. -- La soberanía de Dios sobre el trabajo - La soberanía de Dios sobre el descanso - 3. ¿El día de reposo o el día del Señor? Raíces del Antiguo Testamento - El día de reposo de la creación - El día de reposo del éxodo - 4. ¿El día de reposo o el día del Señor? Flores y frutos del Nuevo Testamento - El sábado de la resurrección - El último sábado - 5. Guerras del sábado: El conflicto comenzó - La intención del sábado - La cautividad babilónica del sábado - 6. Guerras del sábado: La batalla ganada - La liberación del sábado - El Señor del sábado - El conflicto resuelto - 7. Guardar el sábado santa y felizmente -<br/>Guardarlo en santidad - Guardarlo felizmente - 8. Guardar el sábado con honestidad y humildad - Guardarlo con honestidad - Guardarlo con humildad .
563 ## - NOTA DE ENCUADERNACIÓN
Nota de encuadernación Rústico
653 ## - TÉRMINO DE INDIZACIÓN - NO CONTROLADO
Término no controlado Día de reposo.
653 ## - TÉRMINO DE INDIZACIÓN - NO CONTROLADO
Término no controlado Sábado.
942 ## - TIPO DE MATERIAL (KOHA)
Tipo de Item KOHA Libros General
945 ## - INFORMACIÓN LOCAL DEL REGISTRO
Catalogador JTF-925
Existencias
Estado de Material Estado de Perdido Forma de Clasificación Estado de Dañado No para Préstamo Colección Biblioteca de Origen Biblioteca Permanente Fecha de Adquisición Área Total de Préstamos Signatura Topográfica Código de Barras Última vez visto Última vez Préstado Ejemplar/Existencia Fecha de Remplazo Tipo de Material
    Dewey Decimal Classification     Colección General Biblioteca FUSBC Biblioteca FUSBC 23/08/2021 VIDA CRISTIANA 1 G 263.1 R263c 19085 07/02/2023 26/01/2023 Ej. 1 23/08/2021 Libros General

Biblioteca FUSBC | Teléfono: (57+4) 349 88 10 Ext. 141| WhatsApp (+57) 3005338115 
E-mail: biblioteca@unisbc.edu.co | Calle 76 87-14 Robledo Palenque, Medellín, Colombia

Con tecnología Koha